Tigers of Mysore (Record no. 8614)

MARC details
000 -LEADER
fixed length control field 00640nam a2200253 a 4500
020 ## - INTERNATIONAL STANDARD BOOK NUMBER
ISBN
082 00 - DEWEY DECIMAL CLASSIFICATION NUMBER
Classification number 954.5487
Author Cutter FER
100 ## - MAIN ENTRY--AUTHOR NAME
Author name Fernandes, Praxy
245 ## - TITLE STATEMENT
Title Tigers of Mysore
Sub title Biography of Hyder Ali and Tipu Sultan
260 ## - PUBLICATION, DISTRIBUTION, ETC. (IMPRINT)
Place of publication New Delhi
Name of publisher Penguin Books
Year of publication 1991
300 ## - PHYSICAL DESCRIPTION
Number of Pages 248p
500 ## - GENERAL NOTE
General note includes index and biblioraphy
505 2# - FORMATTED CONTENTS NOTE
Formatted contents note Index
650 ## - SUBJECT ADDED ENTRY--TOPICAL TERM
Topical Term India-History Mysore
650 ## - SUBJECT ADDED ENTRY--TOPICAL TERM
Topical Term Tipu Sultan
942 ## - ADDED ENTRY ELEMENTS (KOHA)
Koha item type Books
700 1# -
-- Fernandes, Praxy
Holdings
Collection code Home library Current library Date acquired Cost, normal purchase price Full call number Accession Number Koha item type
  Henry Martyn Institute Library Henry Martyn Institute Library 04/10/2007 150.00 954.5487 FER 014412 Books
                   Copyright © 2026 | Henry Martyn Institute | Hyderabad | TS-500052 | INDIA | Implemented by hmi.edu.in
Hit-Count:

Powered by Koha